000 00675nas a2200241 4500
001 BR2010001004
003 BR-BrBNA
005 20231205113923.0
007 ta
008 230509b bl.|||p| |||| 00| 00por d
040 _aBR-BrBNA
_bpor
_cBiblioteca Nacional de Agricultura
041 _a(Pt)
072 _aE10
100 1 _aMori, R.
245 1 _aAlerta das contas externas
650 _aMACROECONOMIA
650 _aIMPACTO ECONÔMICO
650 _aRECURSO ECONÔMICO
650 _aMERCADO MUNDIAL
773 0 _tAgroanalysis (Brazil)
_xISSN 0100-4298
_g(Feb 2010), v. 30(2) p. 9
_wBR2010001004
909 _a202311
_bLúcia
_c55
_dLúcia Elande
942 _2AGRIS
_n0
_cANA
999 _c206285
_d206285